| 000 | 00547cam a22001814a 4500 | ||
|---|---|---|---|
| 001 | sa 64000392 | ||
| 003 | DLC | ||
| 005 | 20260227111955.0 | ||
| 008 | 950531s1961 ii 000 1 urdo | ||
| 010 | _asa 64000392 | ||
| 040 |
_aDLC _cDLC |
||
| 050 | 0 | 0 |
_aPK2199.N198 _bS25 1961 |
| 100 | 1 |
_aNadīm Qāsimī, Aḥmad, _d1916-2006. |
|
| 245 | 1 | 0 |
_aSailāb o girdāb : _bdo majmūʻon̲ ke muntak̲h̲ab afsāne / _cAḥmad Nadīm Qāsimī. |
| 260 |
_aLāhaur : _bMuktabah-yi Kārvān̲, _c[1961] |
||
| 300 |
_a228 p. ; _c19 cm. |
||
| 546 | _aIn Urdu. | ||
| 999 |
_c56187 _d56187 |
||